000 01921 a2200229 4500
001 61958
005 20260407155912.0
008 260407a1991 arg spa d
003 AR-UNSa-BCEJYS
040 _aAR-UNSa-BCEJYS
_bspa
_cAR-UNSa-BCEJYS
080 _a347.19
_xPersonas jurídicas, corporaciones (Mutuales)
245 1 0 _aEl abuso de la personalidad jurídica
_p(en el derecho privado)
020 _a978-950-14-0576-7
250 _a2a. ed.
264 1 _aBuenos Aires :
_bEdiciones Depalma
_c1991
300 _axxiii, 661 p.
_c23 cm.
505 _a1. Introducción – 2. La sociedad anónima norteamericana. Desarrollo histórico – 3. La desestimación de la personalidad jurídica: un criterio de verdad – 4. La equidad en el derecho angloamericano – 5. El fraude en el derecho privado y en la desestimación de la personalidad jurídica – 6. La interposición de personas en la teoría de la desestimación de la personalidad jurídica – 7. Las sociedades controladas y la subordinación de los créditos en el derecho de los estados unidos – 8. Las sociedades controladas y la subordinación de créditos en el derecho argentino – 9. Las doctrinas del “ESTOPPEL” y de los propios actos – 10. De la responsabilidad limitada a la solidaridad: los “Join Ventures” los contratos de colaboración empresaria en la ley argentina. Las agrupaciones de colaboración. Las uniones transitorias de empresas – 11. El control societario y el abuso de la personalidad jurídica. El grupo de sociedades. El control y la responsabilidad en la ley Argentina – 12. La unidad económica patrimonial – 13. La confusión patrimonial y la sociedad de un solo socio – 14. La extensión de la quiebra – 15. El abuso de la personalidad jurídica y el régimen de los hechos ilícitos -
041 _aspa
942 _cBK
590 _aniveau_biblio:m niveau_hierar:0
100 1 _aDobson, Juan M.
999 _c7498
_d7498